Minéralogie des argiles. /

Guardado en:
Autor Principal: Caillère, Simonne.
Formato: Libro
Idioma:French
Publicado: Paris : Masson, 1963.
Etiquetas: Agregar Etiqueta
Sin Etiquetas, Sea el primero en etiquetar este registro!
LEADER 00431nam a22001455a 4500
001 EUN.um019303
003 AR-BaUNS
005 20050623122859.0
008 041125s1963####fr#a##########000#0#fre#d
245 1 0 |a Minéralogie des argiles. /  |c Simonne Caillère. 
260 |a Paris :  |b Masson,  |c 1963. 
300 |a 355 p. :  |b ilus. ;  |c 24 cm. 
100 1 |a Caillère, Simonne. 
082 0 4 |a 549.6 
859 |a Ar-BaUNS  |b BIB. CENTRAL - Sector C  |h 549.6  |i C121  |p D672/967